Uneasy convergence of left and right? (Record no. 57759)

000 -LEADER
fixed length control field 00684pab a2200181 454500
008 - FIXED-LENGTH DATA ELEMENTS--GENERAL INFORMATION
fixed length control field 180718b2003 xxu||||| |||| 00| 0 eng d
100 ## - MAIN ENTRY--PERSONAL NAME
Personal name Banerjee, Sumanta
245 ## - TITLE STATEMENT
Title Uneasy convergence of left and right?
260 ## - PUBLICATION, DISTRIBUTION, ETC.
Date of publication, distribution, etc. 2003
300 ## - PHYSICAL DESCRIPTION
Extent p.3347-348
362 ## - DATES OF PUBLICATION AND/OR SEQUENTIAL DESIGNATION
Dates of publication and/or sequential designation 9 Aug
520 ## - SUMMARY, ETC.
Summary, etc. The ruling Left in West Bengal tends to converge with the ruling Right at the centre in pursuing - half heartedly though - amorat agenda of economic liberalisation. - Reproduced.
650 ## - SUBJECT ADDED ENTRY--TOPICAL TERM
Topical term or geographic name entry element Economic liberalization - India - West Bengal
650 ## - SUBJECT ADDED ENTRY--TOPICAL TERM
Topical term or geographic name entry element West Bengal - Politics and government
650 ## - SUBJECT ADDED ENTRY--TOPICAL TERM
Topical term or geographic name entry element Politics and government
773 ## - HOST ITEM ENTRY
Main entry heading Economic and Political Weekly
909 ## -
-- 57759
Holdings
Withdrawn status Lost status Damaged status Not for loan Permanent Location Current Location Date acquired Serial Enumeration / chronology Barcode Date last seen Price effective from Koha item type
        Indian Institute of Public Administration Indian Institute of Public Administration 2018-07-19 Volume no: 38, Issue no: 32 AR58204 2018-07-19 2018-07-19 Articles

Powered by Koha